00274nam a22001097a 4500020001800000040000900018082001700027100001700044245003400061260003500095650003400130 a9780070657397 cNust a621.815bULL aDavid Ullman aThe Mechanical Design Process aNew York:bMcGraw Hill,c1992. aThe Mechanical Design Process